| 000 | 00523cam a22001457a 4500 | ||
|---|---|---|---|
| 008 | 180718b1969 xxu||||| |||| 00| 0 eng d | ||
| 082 | _aB301x54 In2r | ||
| 245 |
_aRedressal of public grievances: Report of a seminar (held in Aug. 1968 at Madras) _cedited by K. Venkataraman |
||
| 260 |
_aMadras _bIndian Institute of Public Administration _c1969 |
||
| 300 | _a65p. | ||
| 500 | _aRs.1.00 | ||
| 650 | _aPublic Relations - India. | ||
| 650 | _aPublic Administration - Legislative Control - India | ||
| 700 | _aVenkataraman, K. | ||
| 999 |
_c475967 _d475967 |
||